Najmniejsze miasta w Polsce - Statystyki

Ogólne statystyki
  • Ten quiz został rozwiązany 28 razy
  • Średni wynik to 7 z 34
Statystyki odpowiedzi
Liczba ludności Miasto % Poprawnych
308 Opatowiec
79%
444 Wiślica
54%
877 Wyśmierzyce
46%
735 Inowłódz
33%
803 Józefów nad Wisłą
33%
769 Koszyce
33%
801 Dubiecko
29%
397 Kazanów
29%
933 Solec nad Wisłą
29%
986 Bircza
21%
732 Ciepielów
21%
806 Kiernozia
21%
823 Turobin
21%
981 Czerwińsk nad Wisłą
17%
776 Gielniów
17%
839 Książ Wielki
17%
899 Nowy Korczyn
17%
837 Brody
13%
847 Działoszyce
13%
826 Głowaczów
13%
896 Goraj
13%
965 Suraż
13%
961 Wodzisław
13%
900 Bolimów
8%
951 Dąbrowice
8%
907 Jadów
8%
964 Magnuszew
8%
991 Odrzywół
8%
918 Parzęczew
8%
904 Przytyk
8%
930 Sienno
8%
967 Szydłów
4%
975 Wąwolnica
4%
875 Bolesławiec
0%
Nie znaleziono quizów pasujących do podanych kryteriów
Rozkład punktacji
Procent ludzi z każdym wynikiem
Percentyl według liczby udzielonych odpowiedzi
Twoja historia wyników
Nie rozwiązałeś tego quizu